Who Dated These Degrassi Characters? Quiz Stats

 Plays Quiz not verified by Sporcle

Challenge
Share
Tweet
Embed
Score 0/41 Timer 05:00
0 Plays Today
Character Character % Correct
????
100%
????
98.2%
????
94.9%
????
92.9%
????
91.7%
????
88.3%
????
88%
????
84.6%
????
63.7%
????
59.5%
????
58.5%
????
48.9%
????
46.4%
????
43.5%
????
39.7%
????
34.5%
????
34.3%
????
33.8%
????
33.7%
????
25.6%
????
23.6%
Character Character % Correct
????
21%
????
20.7%
????
18.8%
????
16.8%
????
15.8%
????
11.3%
????
11%
????
10.6%
????
10.6%
????
5.5%
????
5.4%
????
5.4%
????
4.8%
????
4.8%
????
4.4%
????
4.2%
????
3.9%
????
3.6%
????
3.6%
????
3.6%

You're not logged in!

Compare scores with friends on all Sporcle quizzes.
Join for Free
OR
Log In

You Might Also Like...

Show Comments

Extras

Created Aug 26, 2010ReportNominate
Tags:character, couple, dated, degrassi

Top Quizzes Today


Score Distribution

Your Account Isn't Verified!

In order to create a playlist on Sporcle, you need to verify the email address you used during registration. Go to your Sporcle Settings to finish the process.

Report this User

Report this user for behavior that violates our Community Guidelines.

Details: